| 000 | 01016nam a2200241Ia 4500 | ||
|---|---|---|---|
| 003 | Ost | ||
| 005 | 20260507075055.0 | ||
| 008 | 260507s9999||||xx |||||||||||||| ||und|| | ||
| 020 | _ax026090977 | ||
| 040 | _cfsecg | ||
| 041 | _aara | ||
| 082 | _a1.6 | ||
| 100 |
_aعباس، طارق محمود _eمؤلف |
||
| 245 | 0 |
_aمجتمع المعلومات الرقمي / _c طارق محمود عباس |
|
| 260 |
_aالقاهرة: _bالمركز الأصيل للنشر, _c2004 |
||
| 300 |
_a162 صفحة؛ _c24 سم |
||
| 504 | _aبيبليوغرافيا ص.161 | ||
| 520 | _aتقنية المعلومات،المصطلح والمعجم،ثورة المعلومات ومضاعفاتها،شبكة الإنترنت والتقنية الرقمية،مجتمع المعلومات والفجوة الرقمية،تكنولوجيا المعلومات الرقمية | ||
| 653 | _aالانترنت | ||
| 653 | _aتكنولوجيا المعلومات | ||
| 653 | _aنظم المعلومات | ||
| 942 | _cكتاب | ||
| 999 |
_c42734 _d42734 |
||